000
00317nam a22001217a 4500
008
230620b xxu||||| |||| 00| 0 eng d
082
_a
322.420
_b
SWA 1981
110
_b
Department of Information and Publicity
245
_a
To Be Born a Nation
260
_a
London
_b
Zed Press
_c
1981
300
_a
357p
942
_2
ddc
_c
BK
999
_c
1714
_d
1714